Directors' Oscars - Statistics

General Stats
  • This quiz has been taken 1,399 times
    983 since last reset
  • The average score is 12 of 35
Answer Stats
Hint Answer % Correct
31 Steven Spielberg
91%
20 Martin Scorsese
85%
21 James Cameron
73%
14 Francis Ford Coppola
67%
18 John Ford
60%
20 Peter Jackson
59%
13 Clint Eastwood
50%
17 Billy Wilder
48%
13 Frank Capra
45%
10 Christopher Nolan
43%
39 William Wyler
42%
11 Woody Allen
42%
11 Robert Zemeckis
37%
12 Ang Lee
36%
27 David Lean
36%
10 Alfonso Cuarón
34%
13 Milos Forman
29%
14 Victor Fleming
29%
21 Elia Kazan
28%
11 Sam Mendes
25%
12 Michael Curtiz
24%
18 George Cukor
23%
14 George Stevens
23%
18 Robert Wise
23%
11 Sydney Pollack
22%
10 Damien Chazelle
19%
14 Joseph L. Mankiewicz
17%
12 Bob Fosse
15%
24 Fred Zinnemann
15%
10 Anthony Minghella
14%
13 George Roy Hill
14%
23 Vincente Minelli
11%
10 Jerome Robbins
8%
12 Norman Jewison
4%
10 Joshua Logan
1%
No matching quizzes found
Score Distribution
Percent of People with Each Score
Percentile by Number Answered
Your Score History
You have not taken this quiz since the last reset